Normal view
MARC view
- Muhammad Ishaq Khan(00000171533)
Entry Personal Name
001 - CONTROL NUMBER
- control field: 116438
003 - CONTROL NUMBER IDENTIFIER
- control field: NUST
005 - DATE AND TIME OF LATEST TRANSACTION
- control field: 20230912165946.0
008 - FIXED-LENGTH DATA ELEMENTS
- fixed length control field: 230912|| aca||aabn | a|a d
040 ## - CATALOGING SOURCE
- Original cataloging agency: NUST
- Transcribing agency: NUST
100 ## - HEADING--PERSONAL NAME
- Personal name: Muhammad Ishaq Khan(00000171533)
670 ## - SOURCE DATA FOUND
- Source citation: Work cat.: (NUST): Muhammad Ishaq Khan(00000171533), Energy and Exergy Analysis of Automotive Vehicles in Pakistan-Evaluation of Waste Heat Recovery Potential to Drive Parasitic Loads /, 2019
